000 00648cab a2200241 4500
001 ABS57052
008 090401t1997 xxu||||| |||| 00| 0 eng d
035 _a(Sirsi) u78240
041 _aeng
100 _aPaice, Catherine
245 _aLanding up overseas
260 _c1997
350 _a0
490 _aEstates Gazette
_v(9717) 26 April 1997, 158-159(2)
520 _aReports on the growing role of British agricultural specialists in Eastern Europe.
650 _aAGRICULTURAL SPECIALISTS
650 _aEATERN EUROPE
650 _aHUNGARY
650 _aROMANIA
690 _aRURAL PRACTICE
942 _n0
948 _c08/05/1997
999 _c49242
_d49242